[Event " 21. CAROBNI PRSTEN 2018"]
[Site "Valpovo"]
[Date "2018.12.07"]
[Round "1.1"]
[White "Bevanda, Ema"]
[Black "Ivekovic, Ana"]
[Result "1/2-1/2"]
[WhiteElo "1645"]
[BlackElo "2054"]
[PlyCount "100"]
[EventDate "2018.12.07"]

1. d4 Nf6 2. Bf4 e6 3. Nf3 b6 4. e3 Bb7 5. Nbd2 Be7 6. h3 Ne4 7. Nxe4 Bxe4 8.
Bd3 Bxd3 9. Qxd3 d6 10. Qe4 Nd7 11. Qc6 O-O 12. O-O Re8 13. Rad1 Nf8 14. c4 Ng6
15. Bh2 Bf8 16. Rfe1 Qc8 17. a4 Ne7 18. Qe4 Qa6 19. b3 Qa5 20. Qg4 h6 21. e4
Rad8 22. Re3 Ng6 23. Nh4 Nxh4 24. Qxh4 Be7 25. Qg4 Qg5 26. Qe2 e5 27. d5 Bf8
28. Rg3 Qe7 29. Rdd3 g6 30. Qg4 Kh7 31. h4 h5 32. Qh3 Bh6 33. Rgf3 Rg8 34. Kh1
Rdf8 35. Rd1 f6 36. Rg1 Kh8 37. g4 Qd7 38. gxh5 Qxh3 39. Rxh3 gxh5 40. Rxg8+
Kxg8 41. Rf3 Kf7 42. Rf5 Kg6 43. Kg2 a6 44. Rf3 f5 45. Rxf5 Rxf5 46. exf5+ Kxf5
47. f3 e4 48. Kf2 exf3 49. Kxf3 Bf8 50. Bf4 Be7 1/2-1/2

[Event " 21. CAROBNI PRSTEN 2018"]
[Site "Valpovo"]
[Date "2018.12.07"]
[Round "1.2"]
[White "Roklicer, Heike"]
[Black "Juric, Ester"]
[Result "1-0"]
[WhiteElo "2019"]
[BlackElo "1550"]
[PlyCount "45"]
[EventDate "2018.12.07"]

1. d4 d5 2. c4 e6 3. Nc3 Nf6 4. Nf3 b6 5. cxd5 exd5 6. Bg5 Bb7 7. e3 Be7 8. Bd3
O-O 9. Qc2 Nbd7 10. O-O h6 11. Bf4 a6 12. Ne5 Bd6 13. Bf5 Bxe5 14. dxe5 Nh5 15.
Ne2 Nc5 16. Rac1 a5 17. Nd4 Nxf4 18. exf4 Re8 19. Rfe1 Ne6 20. Bxe6 fxe6 21.
Qxc7 Qxc7 22. Rxc7 Ba6 23. Rc6 1-0

[Event " 21. CAROBNI PRSTEN 2018"]
[Site "Valpovo"]
[Date "2018.12.07"]
[Round "1.3"]
[White "Vidovic, Petra"]
[Black "Vukajlovic, Zorana"]
[Result "0-1"]
[WhiteElo "1499"]
[BlackElo "1863"]
[PlyCount "108"]
[EventDate "2018.12.07"]

1. e4 e5 2. Nf3 Nc6 3. d4 exd4 4. Nxd4 Bc5 5. Nb3 Bb6 6. Nc3 Nf6 7. Bg5 d6 8.
Bd3 h6 9. Bh4 Be6 10. Qe2 Nd4 11. Nxd4 Bxd4 12. Qd2 O-O 13. O-O-O c6 14. Ne2
Bb6 15. f4 Bc5 16. b4 Bb6 17. e5 dxe5 18. fxe5 Ne4 19. Bxd8 Nxd2 20. Bxb6 axb6
21. Kxd2 Rxa2 22. Nc3 Raa8 23. Ra1 Rad8 24. Ke2 Bg4+ 25. Kf2 Rfe8 26. Rhe1 Re7
27. h3 Bc8 28. Re2 Rde8 29. Rae1 b5 30. Kg1 Kf8 31. Ne4 Bf5 32. Nd6 Bxd3 33.
cxd3 Rd8 34. d4 g6 35. Ne4 Rxd4 36. Ra2 Rxe5 37. Rae2 Rxb4 38. Nd6 Rxe2 39.
Rxe2 Rd4 40. Re8+ Kg7 41. Nxb7 b4 42. Rb8 Rd5 43. Nd8 c5 44. Nc6 Rd6 45. Nxb4
cxb4 46. Rxb4 g5 47. Rb7 Kg6 48. Rb8 f5 49. Rb5 f4 50. Kh2 Rd2 51. Rb6+ Kh5 52.
Rb3 Kh4 53. Rf3 Re2 54. Kg1 Re3 0-1

[Event " 21. CAROBNI PRSTEN 2018"]
[Site "Valpovo"]
[Date "2018.12.07"]
[Round "1.4"]
[White "Ivekovic, Zvjezdana"]
[Black "Juric, Matea"]
[Result "0-1"]
[WhiteElo "1715"]
[BlackElo "1447"]
[PlyCount "136"]
[EventDate "2018.12.07"]

1. d4 d5 2. c4 e6 3. Nf3 Nf6 4. g3 Be7 5. Bg2 b6 6. O-O O-O 7. Nc3 Bb7 8. Ne5
Nbd7 9. cxd5 exd5 10. Nd3 Re8 11. Nf4 c6 12. Re1 Nf8 13. a3 h6 14. b4 a6 15. e4
dxe4 16. Nxe4 Nxe4 17. Bxe4 Bf6 18. Bb2 Ne6 19. Nxe6 Rxe6 20. Rc1 Rd6 21. Qf3
Bxd4 22. Bxd4 Rxd4 23. Bxc6 Bxc6 24. Qxc6 b5 25. Qb7 Rd7 26. Qe4 Rd3 27. Qf4
Ra7 28. Re3 Rd1+ 29. Rxd1 Qxd1+ 30. Kg2 Qd5+ 31. Rf3 Re7 32. Qf5 Qxf5 33. Rxf5
Re6 34. Kf3 g6 35. Rd5 Kg7 36. Rd4 f5 37. h4 h5 38. Kf4 Kf6 39. f3 Rc6 40. Rd3
Re6 41. Re3 Rc6 42. Rd3 Re6 43. Rd4 Rc6 44. Rd3 Re6 45. Rb3 Re7 46. Rb2 Re8 47.
Rc2 Re6 48. Rc7 Re2 49. Rc6+ Re6 50. Rc7 Re2 51. Rd7 Re6 52. Rc7 Re2 53. Rc6+
Re6 54. Rc7 Re2 55. Rd7 Re6 56. Rd4 Rc6 57. Rd3 Re6 58. Rd2 Re7 59. Ra2 Re6 60.
a4 Rc6 61. axb5 axb5 62. Ke3 Rc4 63. Rb2 Ke6 64. Kd3 Kd5 65. Rb1 Rd4+ 66. Ke3
Rc4 67. Rd1+ Ke6 68. Rd4 Rc6 0-1

[Event " 21. CAROBNI PRSTEN 2018"]
[Site "Valpovo"]
[Date "2018.12.07"]
[Round "2.1"]
[White "Juric, Matea"]
[Black "Roklicer, Heike"]
[Result "0-1"]
[WhiteElo "1447"]
[BlackElo "2019"]
[PlyCount "70"]
[EventDate "2018.12.07"]

1. e4 c6 2. Nf3 d5 3. exd5 cxd5 4. d4 Nc6 5. Nc3 Bg4 6. Be2 Nf6 7. a3 e6 8. O-O
Be7 9. h3 Bf5 10. Bf4 Rc8 11. Re1 O-O 12. Bf1 Na5 13. Bd3 Bxd3 14. Qxd3 Nc4 15.
Rab1 Qa5 16. Ne2 Ne4 17. c3 b5 18. Nd2 Nexd2 19. Bxd2 Qb6 20. Rec1 a5 21. Ng3
Bd6 22. Nf1 Rb8 23. Ne3 Qc7 24. Nxc4 bxc4 25. Qe2 Rb3 26. Be3 Rfb8 27. Qd1 Rxb2
28. Rxb2 Rxb2 29. Rb1 Qb6 30. Rxb2 Qxb2 31. Bc1 Qxc3 32. g3 Bxa3 33. Bxa3 Qxa3
34. Qb1 Qb3 35. Qa1 a4 0-1

[Event " 21. CAROBNI PRSTEN 2018"]
[Site "Valpovo"]
[Date "2018.12.07"]
[Round "2.4"]
[White "Raguz, Ivanka"]
[Black "Bevanda, Ema"]
[Result "1-0"]
[WhiteElo "1669"]
[BlackElo "1645"]
[PlyCount "67"]
[EventDate "2018.12.07"]

1. e4 e6 2. d4 d5 3. exd5 exd5 4. Bd3 Bd6 5. Qf3 Ne7 6. Ne2 O-O 7. O-O Nd7 8.
Bf4 Nf6 9. h3 Re8 10. Nd2 c6 11. c3 Bxf4 12. Nxf4 Bf5 13. Rfe1 Bxd3 14. Nxd3
Qb6 15. Re2 Ng6 16. Rae1 h6 17. Qf5 Rxe2 18. Rxe2 Qa6 19. Nf3 Ne4 20. Re3 Qxa2
21. Re1 Qa5 22. h4 Qc7 23. h5 Ne7 24. Qg4 Re8 25. Nfe5 Nf6 26. Qf3 Qc8 27. Nc5
Qf5 28. Nxb7 Qxf3 29. Nxf3 Kf8 30. b4 Nxh5 31. Ne5 Nc8 32. Nd7+ Kg8 33. Rxe8+
Kh7 34. Rxc8 1-0

[Event " 21. CAROBNI PRSTEN 2018"]
[Site "Valpovo"]
[Date "2018.12.07"]
[Round "2.5"]
[White "Juric, Ester"]
[Black "Vidovic, Petra"]
[Result "0-1"]
[WhiteElo "1550"]
[BlackElo "1499"]
[PlyCount "142"]
[EventDate "2018.12.07"]

1. d4 d5 2. c4 dxc4 3. Nc3 a6 4. e3 Nf6 5. Bxc4 b5 6. Bb3 Bb7 7. Nf3 e6 8. O-O
Be7 9. Re1 O-O 10. a3 h6 11. Bc2 Qe8 12. b4 Nbd7 13. Bb2 Nh7 14. Rc1 Ng5 15.
Nxg5 Bxg5 16. Ne4 Qd8 17. Qd3 f5 18. Ng3 Nf6 19. Bb3 Qd7 20. Qc2 Rac8 21. Red1
Nd5 22. Re1 Kh8 23. h3 f4 24. Nf1 f3 25. g3 c6 26. Rcd1 Rce8 27. e4 e5 28. g4
Nf4 29. Kh2 Ng2 30. dxe5 Qc8 31. e6 h5 32. Rd7 Bf6 33. e5 Nxe1 34. Qg6 c5 35.
Qxh5+ Kg8 36. e7+ c4 37. exf8=Q+ Rxf8 38. e6 Bxb2 39. Ba2 Nd3 40. Bb1 Bc6 41.
Bxd3 cxd3 42. Rxd3 Qxe6 43. g5 Qe5+ 44. Kh1 Qe1 45. Kg1 Qe5 46. Qh4 Rf4 47.
Rd8+ Rf8 48. g6 Rxd8 49. Qxd8+ Qe8 50. Qd3 Be4 51. Qb3+ Kh8 52. Qxb2 Qxg6+ 53.
Ng3 Qg5 54. Qc3 Qh4 55. Qc8+ Kh7 56. Kh2 Bg6 57. Qg4 Qf6 58. Qc8 Qb2 59. Qc5
Qxa3 60. Qd4 Qd3 61. Qh4+ Kg8 62. Kg1 Qd1+ 63. Kh2 Qd2 64. Nh1 Qd6+ 65. Kg1 Qd2
66. Kh2 Qe1 67. Qd4 a5 68. Qd8+ Kh7 69. bxa5 Qf1 70. Qh4+ Kg8 71. a6 Qg2# 0-1

[Event "21. CAROBNI PRSTEN 2018"]
[Site "Valpovo"]
[Date "2018.12.08"]
[Round "3.1"]
[White "Roklicer, Heike"]
[Black "Vukajlovic, Zorana"]
[Result "1/2-1/2"]
[WhiteElo "2019"]
[BlackElo "1863"]
[PlyCount "34"]
[EventDate "2018.12.07"]

1. d4 d5 2. c4 e6 3. Nc3 Nf6 4. g3 Be7 5. Nf3 O-O 6. Bg2 c5 7. e3 Nc6 8. cxd5
Nxd5 9. O-O Nxc3 10. bxc3 Rb8 11. Nd2 Qc7 12. Qf3 cxd4 13. exd4 Na5 14. Qd3 Bd7
15. Bb2 Rfc8 16. Rfe1 Nc4 17. Nxc4 Qxc4 1/2-1/2

[Event "21. CAROBNI PRSTEN 2018"]
[Site "Valpovo"]
[Date "2018.12.08"]
[Round "3.3"]
[White "Vidovic, Petra"]
[Black "Raguz, Ivanka"]
[Result "1/2-1/2"]
[WhiteElo "1499"]
[BlackElo "1669"]
[PlyCount "163"]
[EventDate "2018.12.07"]

1. e4 e5 2. Nf3 Nc6 3. d4 exd4 4. Nxd4 Bc5 5. Nb3 Bb6 6. Nc3 Qf6 7. Qe2 Nge7 8.
Be3 O-O 9. O-O-O Re8 10. f3 Bxe3+ 11. Qxe3 a6 12. g4 b5 13. h4 Ne5 14. Be2 Nc4
15. Bxc4 bxc4 16. g5 Qb6 17. Nd4 Rb8 18. b3 cxb3 19. cxb3 c5 20. Na4 Qc7 21.
Nc2 d6 22. Qd3 Rd8 23. f4 d5 24. e5 Bf5 25. Qc3 c4 26. bxc4 Bxc2 27. Kxc2 Qc6
28. Nb2 dxc4 29. Rxd8+ Rxd8 30. Re1 Qg2+ 31. Kb1 Qf2 32. Rd1 Rb8 33. Rd2 Qxf4
34. Rd4 Qf5+ 35. Kc1 Qf1+ 36. Kc2 Qf2+ 37. Kc1 Qf1+ 38. Kc2 Nf5 39. Rxc4 Qe2+
40. Kc1 Qf1+ 41. Kc2 Qg2+ 42. Kc1 Rf8 43. Rc8 Qb7 44. Rxf8+ Kxf8 45. Qd3 Qc8+
46. Kb1 Nxh4 47. Qxh7 Qf5+ 48. Qxf5 Nxf5 49. Nd3 Ke7 50. Ne1 Nd4 51. Kc1 Ke6
52. Nd3 Kf5 53. Kd2 Nf3+ 54. Ke3 Nxg5 55. Nc5 a5 56. Nb3 a4 57. Nc5 Kxe5 58.
Nxa4 Ne6 59. Nb6 f5 60. Nc4+ Kd5 61. Nb6+ Kc6 62. Nc8 f4+ 63. Ke4 g5 64. Ne7+
Kd6 65. Nf5+ Kd7 66. a4 Nc5+ 67. Kf3 Nxa4 68. Nd4 Nc5 69. Ne2 Ne6 70. Ng1 Ke7
71. Nh3 Kf6 72. Kg4 Ke5 73. Nf2 Kd4 74. Kf5 Ke3 75. Ng4+ Kf3 76. Ne5+ Kg3 77.
Kxe6 f3 78. Nd3 g4 79. Kf5 Kh3 80. Nf2+ Kg2 81. Nxg4 f2 82. Nxf2 1/2-1/2

[Event "21. CAROBNI PRSTEN 2018"]
[Site "Valpovo"]
[Date "2018.12.08"]
[Round "3.4"]
[White "Bevanda, Ema"]
[Black "Juric, Matea"]
[Result "1-0"]
[WhiteElo "1645"]
[BlackElo "1447"]
[PlyCount "79"]
[EventDate "2018.12.07"]

1. d4 d5 2. Bf4 Nf6 3. e3 e6 4. Nf3 a6 5. Bd3 Be7 6. h3 Nbd7 7. Nbd2 b6 8. O-O
O-O 9. Re1 Re8 10. c3 Bf8 11. Qe2 Bb7 12. Rad1 b5 13. b3 c6 14. c4 bxc4 15.
bxc4 c5 16. Rb1 Ra7 17. Rec1 Qe7 18. Nb3 Rc8 19. Bh2 Qd8 20. Rc2 g6 21. Rcb2
dxc4 22. Bxc4 Be4 23. Rc1 a5 24. Rd2 a4 25. Nxc5 Bxc5 26. dxc5 Rxc5 27. Ne5 Qc8
28. Rcd1 Kg7 29. Nxd7 Rxd7 30. Rxd7 Nxd7 31. Qb2+ Kg8 32. Bf1 Bd5 33. Qa3 Qc6
34. Qb4 Rc2 35. a3 Rc3 36. Bf4 Rb3 37. Qe7 Qc8 38. e4 Bc6 39. Rc1 Rb6 40. Bh6
1-0

[Event "21. CAROBNI PRSTEN 2018"]
[Site "Valpovo"]
[Date "2018.12.08"]
[Round "3.5"]
[White "Ivekovic, Zvjezdana"]
[Black "Juric, Ester"]
[Result "1/2-1/2"]
[WhiteElo "1715"]
[BlackElo "1550"]
[PlyCount "139"]
[EventDate "2018.12.07"]

1. d4 d5 2. c4 e6 3. Nf3 Nf6 4. g3 b6 5. Bg2 Bb7 6. O-O Be7 7. Nc3 O-O 8. b3
Nbd7 9. Bb2 Re8 10. Rc1 c5 11. cxd5 Nxd5 12. Nxd5 Bxd5 13. Re1 Nf6 14. e3 Rc8
15. Qe2 cxd4 16. Nxd4 Bxg2 17. Kxg2 Qd5+ 18. e4 Qb7 19. f3 Rxc1 20. Rxc1 Rc8
21. Qd2 h6 22. Rc2 Rxc2 23. Qxc2 Qa6 24. Nc6 Bc5 25. b4 Bf8 26. a4 Qb7 27. b5
Bc5 28. Be5 Nd7 29. Bf4 a6 30. Qd3 axb5 31. axb5 Bf8 32. Bd6 Bxd6 33. Qxd6 Nf6
34. Ne7+ Kh7 35. Qd8 Qd7 36. Qxd7 Nxd7 37. Kf2 g6 38. Ke3 Kg7 39. Kd4 Kf8 40.
Nc8 Ke8 41. Nd6+ Ke7 42. e5 f6 43. f4 f5 44. h3 h5 45. Ke3 Kf8 46. Kf3 Kg7 47.
g4 hxg4+ 48. hxg4 Kf8 49. Kg3 Kg7 50. Kh4 Kh6 51. Nf7+ Kg7 52. Nd8 Nc5 53. gxf5
gxf5 54. Kh5 Kh7 55. Nc6 Ne4 56. Nd4 Nc5 57. Nf3 Ne4 58. Nd4 Nc5 59. Nc2 Nd7
60. Kg5 Kg7 61. Nd4 Nc5 62. Kh5 Kh7 63. Kg5 Kg7 64. Nxf5+ exf5 65. Kxf5 Kf7 66.
Kg5 Ke6 67. Kg4 Nd7 68. Kf3 Nxe5+ 69. fxe5 Kxe5 70. Ke3 1/2-1/2

[Event " 21. CAROBNI PRSTEN 2018"]
[Site "Valpovo"]
[Date "2018.12.08"]
[Round "4.1"]
[White "Ivekovic, Ana"]
[Black "Roklicer, Heike"]
[Result "1/2-1/2"]
[WhiteElo "2054"]
[BlackElo "2019"]
[PlyCount "35"]
[EventDate "2018.12.07"]

1. d4 d5 2. c4 c6 3. Nf3 Nf6 4. Nc3 a6 5. e3 b5 6. b3 Bg4 7. Be2 e6 8. O-O Bd6
9. a3 Nbd7 10. Nd2 Bxe2 11. Qxe2 O-O 12. c5 Bc7 13. f4 Ne8 14. Nf3 f5 15. Bd2
Nef6 16. Na2 a5 17. b4 a4 18. Nc3 1/2-1/2

[Event " 21. CAROBNI PRSTEN 2018"]
[Site "Valpovo"]
[Date "2018.12.08"]
[Round "4.2"]
[White "Vukajlovic, Zorana"]
[Black "Raguz, Ivanka"]
[Result "0-1"]
[WhiteElo "1863"]
[BlackElo "1669"]
[PlyCount "88"]
[EventDate "2018.12.07"]

1. e4 e5 2. Nf3 Nc6 3. Bc4 Nf6 4. d3 Bc5 5. c3 O-O 6. O-O a6 7. b4 Ba7 8. Qb3
b5 9. Bd5 Nxd5 10. exd5 Ne7 11. Nxe5 d6 12. Nf3 Bg4 13. Nbd2 Re8 14. Re1 Qd7
15. Bb2 Qf5 16. c4 Qg6 17. Nh4 Qh6 18. Ndf3 Nf5 19. Nxf5 Bxf5 20. h3 Qg6 21.
Nh4 Qg5 22. Nxf5 Qxf5 23. d4 bxc4 24. Qxc4 Bb6 25. a4 a5 26. b5 Re4 27. Kf1
Rae8 28. Rxe4 Qxe4 29. Rc1 h5 30. Bc3 Qf4 31. Re1 Rxe1+ 32. Bxe1 Qh2 33. g3
Qxh3+ 34. Ke2 Qg4+ 35. Ke3 g5 36. f3 Qh3 37. Qe2 Qf5 38. Qc4 g4 39. f4 Qb1 40.
Bf2 Qd1 41. Qd3 Qf3+ 42. Kd2 Qxf2+ 43. Kc3 Qe1+ 44. Kb3 Qb4+ 0-1

[Event " 21. CAROBNI PRSTEN 2018"]
[Site "Valpovo"]
[Date "2018.12.08"]
[Round "4.3"]
[White "Vidovic, Petra"]
[Black "Bevanda, Ema"]
[Result "0-1"]
[WhiteElo "1499"]
[BlackElo "1645"]
[PlyCount "80"]
[EventDate "2018.12.07"]

1. e4 e6 2. d4 d5 3. Nd2 dxe4 4. Nxe4 Bd7 5. Nf3 Bc6 6. Bd3 Nd7 7. c3 Be7 8.
O-O Ngf6 9. Qc2 O-O 10. Bg5 h6 11. Bxf6 Nxf6 12. Nxf6+ Bxf6 13. Qe2 Re8 14. Ne5
Bd5 15. f4 b6 16. Be4 Qd6 17. Rf3 c5 18. Rg3 cxd4 19. cxd4 Rad8 20. Bd3 Bb7 21.
Nxf7 Kxf7 22. Bg6+ Kf8 23. Bxe8 Qxd4+ 24. Kh1 Rxe8 25. Rd1 Qxb2 26. Qh5 Qxa2
27. h3 Bd5 28. f5 exf5 29. Qxf5 Bf7 30. Qh7 Qf2 31. Qh8+ Bg8 32. Rf3 Re1+ 33.
Rxe1 Qxe1+ 34. Kh2 Qe5+ 35. Kg1 a5 36. Rf1 Kf7 37. Rd1 Qd4+ 38. Rxd4 Bxd4+ 39.
Kf1 a4 40. g4 Bf6 0-1

[Event " 21. CAROBNI PRSTEN 2018"]
[Site "Valpovo"]
[Date "2018.12.08"]
[Round "4.5"]
[White "Juric, Matea"]
[Black "Juric, Ester"]
[Result "1/2-1/2"]
[WhiteElo "1447"]
[BlackElo "1550"]
[PlyCount "30"]
[EventDate "2018.12.07"]

1. e4 c5 2. Nf3 d6 3. d4 cxd4 4. Nxd4 Nf6 5. Nc3 a6 6. Be2 e6 7. O-O Be7 8. Bg5
O-O 9. a3 b5 10. Qd2 Bb7 11. Bd3 Nc6 12. Nxc6 Bxc6 13. f4 Rc8 14. f5 Qb6+ 15.
Kh1 Qb7 1/2-1/2

[Event "21. CAROBNI PRSTEN 2018"]
[Site "Valpovo"]
[Date "2018.12.08"]
[Round "5.1"]
[White "Roklicer, Heike"]
[Black "Bevanda, Ema"]
[Result "0-1"]
[WhiteElo "2019"]
[BlackElo "1645"]
[PlyCount "56"]
[EventDate "2018.12.07"]

1. d4 e6 2. c4 d5 3. Nc3 Nf6 4. Nf3 Be7 5. Bf4 Nbd7 6. e3 b6 7. cxd5 exd5 8.
Qa4 Bb7 9. Nb5 Rc8 10. Qxa7 Bb4+ 11. Nd2 Ne4 12. Rd1 c6 13. Nc3 Ba8 14. Ndxe4
dxe4 15. Ba6 O-O 16. Bxc8 Qxc8 17. Qa4 c5 18. O-O Bc6 19. Qc2 cxd4 20. Rxd4 Bc5
21. Rd2 Nf6 22. Bg5 Nh5 23. Bf4 Nxf4 24. exf4 Qg4 25. Re2 f5 26. h3 Qxf4 27.
Qd2 Qe5 28. g3 Qxg3+ 0-1

[Event "21. CAROBNI PRSTEN 2018"]
[Site "Valpovo"]
[Date "2018.12.08"]
[Round "5.2"]
[White "Raguz, Ivanka"]
[Black "Ivekovic, Ana"]
[Result "0-1"]
[WhiteElo "1669"]
[BlackElo "2054"]
[PlyCount "72"]
[EventDate "2018.12.07"]

1. e4 d6 2. d4 g6 3. Nc3 Bg7 4. Bg5 Nf6 5. Qd2 h6 6. Bxf6 Bxf6 7. h4 e5 8. dxe5
Bxe5 9. Nf3 Bg7 10. O-O-O Nc6 11. Bb5 O-O 12. Bxc6 bxc6 13. e5 Be6 14. Qf4 d5
15. Nd4 c5 16. Nc6 Qe8 17. Qa4 d4 18. Ne4 Bd7 19. Nxc5 Bxc6 20. Qc4 Qxe5 21.
Rhe1 Qd5 22. Qb4 Qxa2 23. Nb3 Qa4 24. Qc5 Rad8 25. Na5 Rd5 26. Qxc6 Qxa5 27.
Re8 Rd8 28. Rxf8+ Rxf8 29. Qb7 Qb6 30. Qe4 a5 31. Rd3 a4 32. g4 c5 33. h5 c4
34. Ra3 d3 35. c3 Qxf2 36. hxg6 Qc2# 0-1

[Event "21. CAROBNI PRSTEN 2018"]
[Site "Valpovo"]
[Date "2018.12.08"]
[Round "5.3"]
[White "Ivekovic, Zvjezdana"]
[Black "Vukajlovic, Zorana"]
[Result "1-0"]
[WhiteElo "1715"]
[BlackElo "1863"]
[PlyCount "71"]
[EventDate "2018.12.07"]

1. d4 d5 2. c4 e6 3. Nf3 Nf6 4. g3 b6 5. Bg2 Bb7 6. O-O Be7 7. Nc3 O-O 8. b3
dxc4 9. bxc4 c5 10. e3 Nc6 11. Ne5 Qc8 12. Nxc6 Bxc6 13. d5 Rd8 14. Qb3 Bb7 15.
e4 exd5 16. exd5 Bd6 17. Re1 Re8 18. Bb2 Qd7 19. Nb5 Be7 20. Rad1 Bf8 21. Be5
Ng4 22. Bh3 Qf5 23. Bxg4 Qxg4 24. Nc7 Qd7 25. Nxa8 Bxa8 26. Re3 Rd8 27. Rde1 h6
28. Qd3 Bb7 29. Qe2 Ba6 30. Bb2 Qc7 31. Qg4 Bc8 32. Qh4 Bb7 33. Re8 Rxe8 34.
Rxe8 Ba6 35. Qg4 g6 36. Qh4 1-0

[Event "21. CAROBNI PRSTEN 2018"]
[Site "Valpovo"]
[Date "2018.12.08"]
[Round "5.4"]
[White "Juric, Matea"]
[Black "Vidovic, Petra"]
[Result "0-1"]
[WhiteElo "1447"]
[BlackElo "1499"]
[PlyCount "118"]
[EventDate "2018.12.07"]

1. e4 e5 2. Nf3 Nc6 3. Bc4 Bc5 4. d3 h6 5. Nc3 Nf6 6. h3 O-O 7. O-O d6 8. Be3
Bb6 9. Bxb6 axb6 10. Qd2 Be6 11. Bb3 Nh7 12. d4 exd4 13. Nxd4 Qf6 14. Nxc6 bxc6
15. f4 Qh4 16. Qf2 Qxf2+ 17. Rxf2 Bxb3 18. cxb3 Ra5 19. b4 Ra6 20. a3 b5 21.
Rc1 Nf6 22. Re1 Nd7 23. Rd2 Nb6 24. Rc2 Nc4 25. a4 bxa4 26. Nxa4 Rxa4 27. Rxc4
c5 28. Rec1 cxb4 29. Rxc7 b3 30. R7c4 Ra2 31. Rb1 Rb8 32. Rd4 Rb6 33. g3 Kf8
34. Kf2 Ke7 35. g4 Kd7 36. h4 Rc6 37. Rd2 Rc2 38. Ke2 Ke6 39. Kd3 Rxd2+ 40.
Kxd2 Ra4 41. Kd3 d5 42. Re1 Kd6 43. exd5 Kxd5 44. Rf1 Ra7 45. g5 hxg5 46. hxg5
Rc7 47. Rf2 Ke6 48. Ke4 Rc2 49. f5+ Kd6 50. Rf3 Rxb2 51. Rf1 Kc5 52. Kd3 Rg2
53. Kc3 b2 54. Kb3 Kd4 55. f6 g6 56. Rb1 Ke5 57. Rxb2 Rxb2+ 58. Kxb2 Kf5 59.
Kc2 Kxg5 0-1

[Event "21. CAROBNI PRSTEN 2018"]
[Site "Valpovo"]
[Date "2018.12.09"]
[Round "6.1"]
[White "Bevanda, Ema"]
[Black "Ivekovic, Zvjezdana"]
[Result "1-0"]
[WhiteElo "1645"]
[BlackElo "1715"]
[PlyCount "87"]
[EventDate "2018.12.07"]

1. d4 d5 2. Bf4 Nf6 3. e3 c6 4. c3 e6 5. Nf3 Bd6 6. Ne5 Qc7 7. Nd2 Nbd7 8. Ndf3
Ne4 9. Bd3 f6 10. Nxd7 Bxd7 11. Bxd6 Nxd6 12. Nd2 O-O-O 13. a4 e5 14. b4 exd4
15. cxd4 Bf5 16. Bxf5+ Nxf5 17. b5 Rde8 18. O-O h5 19. Qc2 Nd6 20. Rfc1 Kd7 21.
Nb3 Nc4 22. Qf5+ Kd8 23. bxc6 b6 24. Qxd5+ Nd6 25. a5 Ke7 26. axb6 axb6 27. Qf3
g5 28. Nd2 Kf7 29. Nc4 Ne4 30. Ne5+ Rxe5 31. dxe5 Qxe5 32. Ra7+ Kg6 33. c7 Rc8
34. Qe2 Nc5 35. Qc2+ Kh6 36. Qc3 Qd6 37. Qd4 Qe7 38. Rd1 Ne6 39. Qd7 Qxd7 40.
Rxd7 Kg6 41. Re7 Kf5 42. Rb7 h4 43. e4+ Ke5 44. Rxb6 1-0

[Event "21. CAROBNI PRSTEN 2018"]
[Site "Valpovo"]
[Date "2018.12.09"]
[Round "6.3"]
[White "Raguz, Ivanka"]
[Black "Roklicer, Heike"]
[Result "0-1"]
[WhiteElo "1669"]
[BlackElo "2019"]
[PlyCount "108"]
[EventDate "2018.12.07"]

1. d4 d5 2. Nf3 c6 3. Bg5 Qb6 4. Nbd2 Nf6 5. e3 Bf5 6. Nh4 Bg6 7. Nxg6 hxg6 8.
Bd3 Nbd7 9. O-O e6 10. f4 Bb4 11. c3 Bd6 12. Qc2 Ng4 13. Rf3 f5 14. h3 Nh6 15.
Kf2 Nf7 16. Rg3 Nxg5 17. Rxg5 Kf7 18. Nf3 Be7 19. Rg3 Bh4 20. Nxh4 Rxh4 21. Rf3
Rah8 22. Rg1 Nf6 23. Kf1 Ne4 24. Bxe4 dxe4 25. Rf2 Qa6+ 26. Re2 Qxa2 27. c4 Rd8
28. Re1 Qa5 29. Qf2 Rh6 30. g4 Qb4 31. gxf5 Qxc4+ 32. Re2 exf5 33. Qg3 Rd6 34.
h4 Qe6 35. Rh2 Rh5 36. Qe1 Rd5 37. Qc3 Qe7 38. b4 Rxh4 39. Rxh4 Qxh4 40. Qc4 a6
41. Qb3 Ke7 42. Rg2 Qf6 43. Qa2 Qf7 44. Qf2 Qf6 45. Qa2 Kf7 46. b5 axb5 47. Rh2
Qd8 48. Qa7 Qc8 49. Qa2 Kf6 50. Qg2 Qe8 51. Qg5+ Kf7 52. Rg2 Rd6 53. Qh4 b4 54.
Rc2 b3 0-1

[Event "21. CAROBNI PRSTEN 2018"]
[Site "Valpovo"]
[Date "2018.12.09"]
[Round "6.4"]
[White "Vukajlovic, Zorana"]
[Black "Juric, Ester"]
[Result "1/2-1/2"]
[WhiteElo "1863"]
[BlackElo "1550"]
[PlyCount "58"]
[EventDate "2018.12.07"]

1. e4 c5 2. Nf3 d6 3. d4 cxd4 4. Nxd4 Nf6 5. Nc3 a6 6. f3 e6 7. Be3 Be7 8. Qd2
b5 9. g4 h6 10. h4 Bb7 11. Bg2 Nbd7 12. O-O-O Qc7 13. Kb1 O-O-O 14. Nb3 Ne5 15.
Qf2 Nc4 16. Ba7 Nd7 17. Bf1 Nce5 18. Nd2 Bf6 19. Bd4 Qc6 20. Nc4 Nxc4 21. Bxf6
Nxf6 22. Bxc4 Qxc4 23. Qd4 Qxd4 24. Rxd4 e5 25. Rd2 Rd7 26. Rhd1 Rhd8 27. b3
Kc7 28. Kb2 Kc8 29. h5 Kc7 1/2-1/2

[Event " 21. CAROBNI PRSTEN 2018"]
[Site "Valpovo"]
[Date "2018.12.09"]
[Round "7.1"]
[White "Bevanda, Ema"]
[Black "Vukajlovic, Zorana"]
[Result "1-0"]
[WhiteElo "1645"]
[BlackElo "1863"]
[PlyCount "63"]
[EventDate "2018.12.07"]

1. d4 d5 2. Bf4 Nf6 3. e3 e6 4. Nf3 Bd6 5. Ne5 Nbd7 6. Bd3 O-O 7. Nd2 b6 8. c3
Bb7 9. O-O c5 10. Nxf7 Rxf7 11. Bxd6 Rc8 12. Bg3 c4 13. Bc2 Ba6 14. Re1 Bb7 15.
Qe2 Qf8 16. h3 Ne8 17. Qg4 Re7 18. Nf3 Ndf6 19. Qh4 h6 20. Be5 Rd8 21. Qg3 Bc8
22. Nh4 Rb7 23. Ng6 Qf7 24. Qf3 b5 25. a3 a5 26. Bg3 a4 27. Ne5 Qf8 28. Bg6 Bd7
29. Qd1 Bc8 30. Rc1 Bd7 31. Bf7+ Kh8 32. Ng6+ 1-0

[Event " 21. CAROBNI PRSTEN 2018"]
[Site "Valpovo"]
[Date "2018.12.09"]
[Round "7.2"]
[White "Roklicer, Heike"]
[Black "Ivekovic, Zvjezdana"]
[Result "1/2-1/2"]
[WhiteElo "2019"]
[BlackElo "1715"]
[PlyCount "47"]
[EventDate "2018.12.07"]

1. d4 d5 2. c4 c6 3. Nc3 Nf6 4. Nf3 g6 5. Bf4 Bg7 6. cxd5 Nxd5 7. Bg3 O-O 8. e4
Nb6 9. a4 a5 10. h3 Na6 11. Bxa6 Rxa6 12. e5 Nd5 13. O-O Nb4 14. Ne4 b6 15. Bf4
Ra7 16. Re1 Ba6 17. Ra3 Rd7 18. Qb1 Qa8 19. Be3 Bc4 20. Ned2 Be6 21. Rc3 Bf5
22. Qd1 Nd3 23. Rf1 Nb4 24. Nc4 1/2-1/2

[Event " 21. CAROBNI PRSTEN 2018"]
[Site "Valpovo"]
[Date "2018.12.09"]
[Round "7.3"]
[White "Juric, Ester"]
[Black "Ivekovic, Ana"]
[Result "1/2-1/2"]
[WhiteElo "1550"]
[BlackElo "2054"]
[PlyCount "90"]
[EventDate "2018.12.07"]

1. d4 Nf6 2. c4 e6 3. Nc3 Bb4 4. Qc2 O-O 5. Nf3 d5 6. e3 Re8 7. Be2 Nbd7 8. O-O
Bxc3 9. bxc3 c6 10. Bb2 Ne4 11. Bd3 f5 12. Rfe1 Ng5 13. Qe2 Nxf3+ 14. Qxf3 Nf6
15. cxd5 cxd5 16. c4 Ne4 17. cxd5 exd5 18. Rac1 Qa5 19. a3 Be6 20. Bxe4 fxe4
21. Qg3 Rac8 22. Rf1 Rxc1 23. Bxc1 Bd7 24. h3 Bb5 25. Rd1 Be2 26. Bd2 Qxa3 27.
Rc1 Bc4 28. Qg4 Qa4 29. Rb1 b6 30. Rb4 Qc6 31. Qh5 a5 32. Rxb6 g6 33. Rxc6 gxh5
34. Bxa5 Re7 35. Rh6 Be2 36. Rd6 Bc4 37. Rd8+ Kg7 38. Bb4 Rb7 39. Bc5 Rb1+ 40.
Kh2 Rb2 41. Rf8 Rb5 42. Rf5 Kg6 43. g4 hxg4 44. hxg4 Rb7 45. Kg3 Rf7 1/2-1/2

[Event " 21. CAROBNI PRSTEN 2018"]
[Site "Valpovo"]
[Date "2018.12.09"]
[Round "7.5"]
[White "Juric, Matea"]
[Black "Raguz, Ivanka"]
[Result "1-0"]
[WhiteElo "1447"]
[BlackElo "1669"]
[PlyCount "79"]
[EventDate "2018.12.07"]

1. e4 e5 2. Nf3 Nc6 3. Bc4 Nf6 4. d3 Bc5 5. Nc3 a6 6. Be3 Ba7 7. h3 O-O 8. O-O
d6 9. Bxa7 Nxa7 10. Nh2 c6 11. f4 Qb6+ 12. Kh1 exf4 13. Rxf4 Qxb2 14. Qe1 Be6
15. Rb1 Qxc2 16. Rf2 Qxf2 17. Qxf2 d5 18. exd5 cxd5 19. Bb3 Nc6 20. Nf3 Rac8
21. Qd2 b5 22. Ne2 h6 23. Ned4 Ne7 24. Rc1 Rcd8 25. Rc7 Ng6 26. Qe3 Rfe8 27.
Qc1 Nh5 28. Ra7 Nhf4 29. Rxa6 Nxd3 30. Qc3 Nf2+ 31. Kg1 Ne4 32. Qb4 Bc8 33. Ra8
Nf4 34. Nc6 Ne2+ 35. Kh2 Rd7 36. Na7 Rc7 37. Nxc8 Rexc8 38. Rxc8+ Rxc8 39. Qxb5
N2c3 40. Qd7 1-0